Cómo conciliar autoridad y libertad?

Salvato in:
Dettagli Bibliografici
Autore principale: La Brière, Ives de (Autore)
Natura: Libro
Lingua:spagnolo
Pubblicazione: Buenos Aires Difusión 1940
Soggetti:
Tags: Aggiungi Tag
Nessun Tag, puoi essere il primo ad aggiungerne!!

MARC

LEADER 00000nam a2200000 a 4500
001 UCL5152
003 CL-VaPUC
008 040305e19400000AG |||||||||||||||||spa|d
082 0 4 |a 261.7  |b LAB  |2 21 
100 0 |a La Brière, Ives de  |e author  |9 482846 
245 1 0 |a Cómo conciliar autoridad y libertad? 
300 |a 99 p 
942 |c BK 
945 |d 20040305 00:00:00  |a vberengu 
260 |a Buenos Aires  |b Difusión  |c 1940 
600 0 7 |a FRANCIA  |2 CL-VaPUC  |9 482847 
650 0 |a Iglesia y Estado  |9 254995 
650 0 |a Autoridad   |9 257105 
583 |a last modification  |c 20040305 00:00:00  |k Rodrigo Vera 
999 |c 307820  |d 307818 
952 |0 0  |1 0  |4 0  |6 261_700000000000000_LAB_1940  |7 0  |8 P  |9 373950  |a BIBTEO  |b BIBTES  |c TEO_FTES  |d 2019-11-21  |i 210461K  |o 261.7 LAB 1940  |p 210461K  |r 2024-01-18  |w 2019-11-21  |y BK  |k ICR